Normal view
MARC view
Entry Topical Term
001 - CONTROL NUMBER
- control field: 47594
003 - CONTROL NUMBER IDENTIFIER
- control field: OSt
005 - DATE AND TIME OF LATEST TRANSACTION
- control field: 20240911152115.0
008 - FIXED-LENGTH DATA ELEMENTS
- fixed length control field: 240911|| aca||aabn | a|a d
040 ## - CATALOGING SOURCE
- Original cataloging agency: OSt
- Transcribing agency: OSt
150 ## - HEADING--TOPICAL TERM
- Topical term or geographic name entry element: Women representation, Leadership, Empowerment, Reservation and transformational leadership.
670 ## - SOURCE DATA FOUND
- Source citation: Work cat.: (OSt): Misra, Suresh and Mahor, Jyotsana 47593, Transforming leadership and women: A study in the context of women reservation bill 2023
